<?xml version="1.0" encoding="UTF-8"?>
<collection xmlns="http://www.loc.gov/MARC21/slim">
 <record>
  <leader>01557nam a2200349 a 4500</leader>
  <controlfield tag="001">11992</controlfield>
  <controlfield tag="003">BD-DhAAL</controlfield>
  <controlfield tag="005">20250724165128.0</controlfield>
  <controlfield tag="008">090726r20001992enk           000 1 eng d</controlfield>
  <datafield tag="010" ind1=" " ind2=" ">
   <subfield code="a">   93143075 </subfield>
  </datafield>
  <datafield tag="020" ind1=" " ind2=" ">
   <subfield code="a">0141182717</subfield>
  </datafield>
  <datafield tag="020" ind1=" " ind2=" ">
   <subfield code="a">9780141182711</subfield>
  </datafield>
  <datafield tag="020" ind1=" " ind2=" ">
   <subfield code="a">0701209984 (pbk) </subfield>
  </datafield>
  <datafield tag="040" ind1=" " ind2=" ">
   <subfield code="a">Uk</subfield>
   <subfield code="c">Uk</subfield>
   <subfield code="d">DLC</subfield>
   <subfield code="d">BD-DhAAL</subfield>
  </datafield>
  <datafield tag="082" ind1="0" ind2="0">
   <subfield code="a">823/.912</subfield>
   <subfield code="2">20</subfield>
  </datafield>
  <datafield tag="100" ind1="1" ind2=" ">
   <subfield code="a">Woolf, Virginia,</subfield>
   <subfield code="d">1882-1941.</subfield>
  </datafield>
  <datafield tag="245" ind1="1" ind2="4">
   <subfield code="a">The waves /</subfield>
   <subfield code="c">Virginia Woolf, edited with introduction and notes by Kate Flint.</subfield>
  </datafield>
  <datafield tag="260" ind1=" " ind2=" ">
   <subfield code="a">London :</subfield>
   <subfield code="b">Hogarth ;</subfield>
   <subfield code="b">Penguin Books,</subfield>
   <subfield code="c">1992, 2020 [Reprinted 2000].</subfield>
  </datafield>
  <datafield tag="300" ind1=" " ind2=" ">
   <subfield code="a">xlv, 240 pages,</subfield>
   <subfield code="a">217 pages ;</subfield>
   <subfield code="c">20 cm</subfield>
  </datafield>
  <datafield tag="504" ind1=" " ind2=" ">
   <subfield code="a">Bibliography p. xli-xlii.</subfield>
  </datafield>
  <datafield tag="541" ind1="1" ind2=" ">
   <subfield code="e">00011992, 44512</subfield>
  </datafield>
  <datafield tag="600" ind1=" " ind2=" ">
   <subfield code="a">Woolf, Virginia,</subfield>
   <subfield code="d">1882-1941.</subfield>
   <subfield code="t">Waves</subfield>
   <subfield code="9">33240</subfield>
  </datafield>
  <datafield tag="650" ind1=" " ind2="0">
   <subfield code="a">Identity (Psychology)</subfield>
   <subfield code="x">Fiction.</subfield>
   <subfield code="9">58854</subfield>
  </datafield>
  <datafield tag="650" ind1=" " ind2="0">
   <subfield code="a">Friendship</subfield>
   <subfield code="x">Fiction.</subfield>
   <subfield code="9">12583</subfield>
  </datafield>
  <datafield tag="650" ind1=" " ind2="0">
   <subfield code="a">English literature.</subfield>
  </datafield>
  <datafield tag="655" ind1=" " ind2="7">
   <subfield code="a">Psychological fiction.</subfield>
   <subfield code="2">lcsh</subfield>
  </datafield>
  <datafield tag="700" ind1="1" ind2=" ">
   <subfield code="a">Flint, Kate.</subfield>
   <subfield code="9">33243</subfield>
  </datafield>
  <datafield tag="852" ind1="4" ind2=" ">
   <subfield code="a">Ayesha Abed Library</subfield>
   <subfield code="j">General shelf </subfield>
  </datafield>
  <datafield tag="942" ind1=" " ind2=" ">
   <subfield code="2">ddc</subfield>
   <subfield code="c">BK</subfield>
  </datafield>
  <datafield tag="999" ind1=" " ind2=" ">
   <subfield code="c">2885</subfield>
   <subfield code="d">2885</subfield>
  </datafield>
  <datafield tag="952" ind1=" " ind2=" ">
   <subfield code="0">0</subfield>
   <subfield code="1">0</subfield>
   <subfield code="2">ddc</subfield>
   <subfield code="4">0</subfield>
   <subfield code="6">823_912000000000000_WOO</subfield>
   <subfield code="7">0</subfield>
   <subfield code="9">11242</subfield>
   <subfield code="a">BRACUL</subfield>
   <subfield code="b">BRACUL</subfield>
   <subfield code="c">GEN</subfield>
   <subfield code="d">2010-06-24</subfield>
   <subfield code="g">1593.00</subfield>
   <subfield code="l">13</subfield>
   <subfield code="m">78</subfield>
   <subfield code="o">823.912 WOO</subfield>
   <subfield code="p">3010011992</subfield>
   <subfield code="r">2025-06-03</subfield>
   <subfield code="s">2024-09-01</subfield>
   <subfield code="t">1</subfield>
   <subfield code="w">2010-06-24</subfield>
   <subfield code="y">BK</subfield>
   <subfield code="x">$18.99</subfield>
  </datafield>
  <datafield tag="952" ind1=" " ind2=" ">
   <subfield code="0">0</subfield>
   <subfield code="1">0</subfield>
   <subfield code="2">ddc</subfield>
   <subfield code="4">0</subfield>
   <subfield code="6">823_912000000000000_WOO</subfield>
   <subfield code="7">0</subfield>
   <subfield code="9">77906</subfield>
   <subfield code="a">BRACUL</subfield>
   <subfield code="b">BRACUL</subfield>
   <subfield code="c">NEW</subfield>
   <subfield code="d">2019-07-22</subfield>
   <subfield code="e">Donated by Farhana Zahir (Assistant Professor, BBS.)</subfield>
   <subfield code="l">1</subfield>
   <subfield code="m">30</subfield>
   <subfield code="o">823.912 WOO</subfield>
   <subfield code="p">3010044512</subfield>
   <subfield code="r">2026-04-05</subfield>
   <subfield code="s">2025-07-28</subfield>
   <subfield code="t">3</subfield>
   <subfield code="w">2025-07-24</subfield>
   <subfield code="y">BK</subfield>
   <subfield code="x">Donated by Farhana Zahir, Assistant Professor, BBS, BRAC University ; ₹399.00</subfield>
  </datafield>
 </record>
</collection>
